000 00555nam a2200217Ia 4500
003 OSt
005 20220928144956.0
006 a|||||r|||| 00| 0
007 ta
008 220927b |||||||| |||| 00| 0 eng d
024 _a77672
037 _cTextual
040 _aSDCL
_cSDCL
_beng
041 _2eng
_aeng
082 _aX819:(Z2), P5
100 _aChaturvedi R G
245 0 _aLaw of motor accident
_b Claims and compensations.
260 _c2005
942 _hX819:(Z2), P5
_cTEXL
_2CC
999 _c830998
_d830998